II Informe del Estado de la Libertad de Expresión en Costa Rica/

El texto forma parte de un segundo informe que realiza un análisis de temas que marcan el debate en los últimos años en Costa Rica, es decir, del estado actual de la normativa sobre libertad de expresión y acceso a la información pública, la necesidad de un nuevo marco regulatorio sobre servicios de...

Deskribapen osoa

Gorde:
Xehetasun bibliografikoak
Erakunde egilea: Programa de Libertad de Expresión y Derecho a la Información (PROLEDI)
Formatua: Liburua
Hizkuntza:Spanish
Argitaratua: San José, Costa Rica: PROLEDI ; CICOM, 2020
Gaiak:
Sarrera elektronikoa:http://proledi.ucr.ac.cr/wp-content/uploads/2020/04/II-Informe-del-Estado-de-la-Libertad-de-Expresi%C3%B3n-en-Costa-Rica.pdf
Etiketak: Etiketa erantsi
Etiketarik gabe, Izan zaitez lehena erregistro honi etiketa jartzen!

MARC

LEADER 00000nam a22000007a 4500
003 cru CIDCACS/IIS
005 20230626090623.0
007 ta
008 220428s2020 cr |||||r|||| 00| 0 spa d
020 |a 9789930966839 
040 |c CRAI/IIS  |a CRAI/IIS 
090 |a 04.02.02 U58i (III) 
110 1 |9 10669  |a Programa de Libertad de Expresión y Derecho a la Información (PROLEDI) 
245 |a II Informe del Estado de la Libertad de Expresión en Costa Rica/  |c Universidad de Costa Rica. Programa de Libertad de Expresión y Derecho a la Información 
260 |a San José, Costa Rica:   |b PROLEDI ;  |b CICOM,  |c 2020 
300 |a 227 páginas:  |b tablas, gráficos, mapas, fotos 
500 |a Colección Centroamérica 
520 |a El texto forma parte de un segundo informe que realiza un análisis de temas que marcan el debate en los últimos años en Costa Rica, es decir, del estado actual de la normativa sobre libertad de expresión y acceso a la información pública, la necesidad de un nuevo marco regulatorio sobre servicios de radiodifusión sonora y televisiva, propuestas de regulación de los derechos comunicativos, desafíos de la libertad de expresión en internet, estado de la concentración mediática y la situación de la publicidad en Costa Rica. FGO 10/10/2022 
650 0 |9 488  |a ACCESO A LA INFORMACION 
650 0 |9 3242  |a LIBERTAD DE OPINION 
650 0 |9 10  |a MEDIOS DE COMUNICACION DE MASAS 
650 0 |9 4344  |a DINAMICA DE GRUPOS 
651 0 |9 32  |a COSTA RICA 
856 |u http://proledi.ucr.ac.cr/wp-content/uploads/2020/04/II-Informe-del-Estado-de-la-Libertad-de-Expresi%C3%B3n-en-Costa-Rica.pdf 
942 |2 z  |c LI 
999 |c 44191  |d 44191